[Event "20th EUR-ch"]
[Site "Skopje MKD"]
[Date "2019.03.22"]
[Round "5"]
[White "Tsydypov, Zhamsaran"]
[Black "Rakhmanov, Alexander"]
[Result "0-1"]
[WhiteElo "2551"]
[BlackElo "2629"]
[EventDate "2019.03.18"]
[Board "27"]
[PlyCount "148"]

1.e4 d5 2.exd5 Qxd5 3.Nc3 Qd8 4.d4 Nf6 5.Bg5 c6 6.Qd2 Bf5 7.f3 Nbd7 8.
O-O-O e6 9.g4 Bg6 10.Nge2 h6 11.Bh4 Be7 12.Nf4 Bh7 13.Bg3 Qa5 14.Kb1 Bb4 
15.Nd3 Bxc3 16.Qxc3 Qxc3 17.bxc3 Nd5 18.Kb2 N7b6 19.Nc5 Ne3 20.Re1 Nbc4+ 
21.Kc1 Nxf1 22.Rhxf1 O-O-O 23.Nd3 Rd5 24.Ne5 Nxe5 25.Rxe5 Rhd8 26.f4 Bg8 
27.g5 Bh7 28.gxh6 gxh6 29.Bf2 b6 30.c4 R5d7 31.Rh5 c5 32.Rxh6 Bf5 33.c3 
Bd3 34.Rg1 Bxc4 35.a3 Kb7 36.Bh4 Rc8 37.Bf6 cxd4 38.Bxd4 Bd3 39.Kd2 Bf5 
40.Rg7 Kc6 41.Rf6 Rh8 42.Rfxf7 Rxh2+ 43.Ke3 Rxf7 44.Rxf7 a5 45.Be5 b5 46.
Ra7 a4 47.Rc7+ Kd5 48.c4+ bxc4 49.Rd7+ Kc5 50.Rc7+ Kb5 51.Rb7+ Ka6 52.Rb4 
Rh3+ 53.Kd4 c3 54.Kc5 c2 55.Rxa4+ Kb7 56.Rb4+ Kc8 57.Rc4 Rh1 58.Kb4+ Kb7 
59.Bb2 Bd3 60.Rc3 Be4 61.a4 Rf1 62.Rc4 Bd3 63.Rd4 Rb1 64.Ka3 Bf5 65.Rc4 
Kb6 66.Bd4+ Ka6 67.Bb2 Kb7 68.Ka2 Bd3 69.Rd4 Be2 70.Re4 Bf3 71.Re5 Bd5+ 
72.Ka3 Rf1 73.Re3 c1=Q 74.Bxc1 Rxc1 0-1

[Event "20th EUR-ch"]
[Site "Skopje MKD"]
[Date "2019.03.22"]
[Round "5"]
[White "Paravian, David"]
[Black "Kadric, Denis"]
[Result "1-0"]
[WhiteElo "2627"]
[BlackElo "2547"]
[EventDate "2019.03.18"]
[Board "28"]
[PlyCount "45"]

1.e4 d6 2.d4 Nf6 3.Nc3 g6 4.Nf3 Bg7 5.Be3 a6 6.Qd2 O-O 7.Bh6 b5 8.Bxg7 
Kxg7 9.Bd3 Nc6 10.e5 dxe5 11.dxe5 Ng4 12.O-O-O b4 13.Rhe1 Be6 14.Nb1 Qd5 
15.Be4 Qc5 16.Bxc6 Qxc6 17.h3 Nh6 18.Qxb4 Bxa2 19.Nc3 Be6 20.Nd4 Qxg2 21.
Qxe7 Kg8 22.Qh4 Qxh3 23.Qf4 1-0

[Event "20th EUR-ch"]
[Site "Skopje MKD"]
[Date "2019.03.22"]
[Round "5"]
[White "Martinovic, Sasa"]
[Black "Sarana, Alexei"]
[Result "1/2-1/2"]
[WhiteElo "2558"]
[BlackElo "2625"]
[EventDate "2019.03.18"]
[Board "29"]
[PlyCount "38"]

1.d4 Nf6 2.c4 e6 3.Nc3 Bb4 4.Nf3 O-O 5.Bg5 c5 6.e3 cxd4 7.exd4 h6 8.Bh4 
Qa5 9.Bd3 Bxc3+ 10.bxc3 Qxc3+ 11.Kf1 d6 12.Bxf6 gxf6 13.h4 e5 14.Rc1 Qa5 
15.Nd2 Nc6 16.Nb3 Qd8 17.Qf3 Kg7 18.Qg3+ Kh8 19.Qe3 Kg7 1/2-1/2

[Event "20th EUR-ch"]
[Site "Skopje MKD"]
[Date "2019.03.22"]
[Round "5"]
[White "Jobava, Baadur"]
[Black "Sychev, Klementy"]
[Result "0-1"]
[WhiteElo "2622"]
[BlackElo "2545"]
[EventDate "2019.03.18"]
[Board "30"]
[PlyCount "66"]

1.Nf3 Nf6 2.c4 e6 3.d4 d5 4.Nc3 Bb4 5.cxd5 exd5 6.Qa4+ Nc6 7.Bg5 h6 8.Bxf6
Qxf6 9.e3 O-O 10.Rc1 Qg6 11.Kd2 a5 12.Rg1 Ne7 13.Bd3 Qf6 14.Ke2 c6 15.g4 
g5 16.h4 Kg7 17.hxg5 hxg5 18.Bf5 Rh8 19.e4 Ng6 20.e5 Nf4+ 21.Ke3 Qe7 22.
Ne2 c5 23.Nxf4 cxd4+ 24.Kd3 gxf4 25.Rh1 b6 26.Bxc8 Rxh1 27.Rxh1 Rxc8 28.a3
Qc5 29.axb4 Qc4+ 30.Kd2 b5 31.Qd1 d3 32.bxa5 Qb4+ 33.Kxd3 Qxb2 0-1

[Event "20th EUR-ch"]
[Site "Skopje MKD"]
[Date "2019.03.22"]
[Round "5"]
[White "Smirin, Ilia"]
[Black "Christiansen, Johan-Sebastian"]
[Result "0-1"]
[WhiteElo "2618"]
[BlackElo "2539"]
[EventDate "2019.03.18"]
[Board "31"]
[PlyCount "64"]

1.e4 e6 2.d4 d5 3.Nc3 Nf6 4.e5 Nfd7 5.f4 c5 6.Nf3 Nc6 7.Be3 Be7 8.Qd2 O-O 
9.a3 Rb8 10.Be2 b6 11.O-O f6 12.exf6 Nxf6 13.Kh1 Ng4 14.Bg1 Bd6 15.g3 Nh6 
16.dxc5 bxc5 17.Nxd5 exd5 18.Qxd5+ Nf7 19.Qxc6 Bb7 20.Qa4 g5 21.fxg5 Ne5 
22.Qb3+ Rf7 23.Qc3 Qf8 24.Kg2 Re8 25.Rad1 Nxf3 26.Bxf3 Re2+ 27.Kh3 Bxf3 
28.Rxf3 Qc8+ 29.g4 Re4 30.Rf5 Rxf5 31.Rxd6 Rff4 32.Kg2 Re2+ 0-1

[Event "20th EUR-ch"]
[Site "Skopje MKD"]
[Date "2019.03.22"]
[Round "5"]
[White "Grigoriants, Sergey"]
[Black "Blubaum, Matthias"]
[Result "1/2-1/2"]
[WhiteElo "2543"]
[BlackElo "2616"]
[EventDate "2019.03.18"]
[Board "32"]
[PlyCount "45"]

1.c4 c6 2.Nf3 d5 3.e3 Nf6 4.Nc3 e6 5.d4 Nbd7 6.Qc2 Bd6 7.Bd3 O-O 8.O-O 
dxc4 9.Bxc4 e5 10.Bb3 h6 11.Rd1 Qc7 12.h3 Re8 13.dxe5 Nxe5 14.Nh4 Be6 15.
Bxe6 Rxe6 16.b3 Ree8 17.Bb2 Rad8 18.Nf5 Bf8 19.Ne4 Nxe4 20.Qxe4 Ng6 21.Qg4
Rxd1+ 22.Rxd1 Rd8 23.Rxd8 1/2-1/2

[Event "20th EUR-ch"]
[Site "Skopje MKD"]
[Date "2019.03.22"]
[Round "5"]
[White "Vocaturo, Daniele"]
[Black "Ivic, Velimir"]
[Result "0-1"]
[WhiteElo "2616"]
[BlackElo "2487"]
[EventDate "2019.03.18"]
[Board "33"]
[PlyCount "52"]

1.d4 Nf6 2.c4 g6 3.Nc3 d5 4.Nf3 Bg7 5.cxd5 Nxd5 6.Bg5 Nxc3 7.bxc3 O-O 8.e3
c5 9.Bd3 Nd7 10.O-O Nf6 11.Rb1 b6 12.e4 Bb7 13.d5 h6 14.Be3 c4 15.Bc2 e6 
16.dxe6 Nxe4 17.Qxd8 Rfxd8 18.exf7+ Kxf7 19.Rb4 Nxc3 20.Rxc4 Rac8 21.Rxc8 
Rxc8 22.Bb3+ Bd5 23.Re1 Rd8 24.Bd4 Bxd4 25.Nxd4 Bxb3 26.Nc6 Rd1 0-1

[Event "20th EUR-ch"]
[Site "Skopje MKD"]
[Date "2019.03.22"]
[Round "5"]
[White "Predke, Alexander"]
[Black "Grinberg, Eyal"]
[Result "1-0"]
[WhiteElo "2611"]
[BlackElo "2467"]
[EventDate "2019.03.18"]
[Board "34"]
[PlyCount "71"]

1.Nf3 d5 2.g3 Nf6 3.Bg2 c6 4.c4 Bg4 5.Ne5 Be6 6.cxd5 Bxd5 7.Nf3 c5 8.O-O 
e6 9.Nc3 Bc6 10.Qc2 Nbd7 11.e4 e5 12.d3 Bd6 13.Nh4 g6 14.a4 a6 15.f4 h6 
16.Kh1 Qe7 17.Nf3 Bc7 18.b4 exf4 19.gxf4 cxb4 20.Nd5 Bxd5 21.Qxc7 Bc6 22.
Bb2 Nc5 23.Qe5 Qxe5 24.Nxe5 Ke7 25.Rfc1 Nb3 26.Nxc6+ bxc6 27.Rxc6 Nxa1 28.
Bxf6+ Kd7 29.Rc4 Nb3 30.Bh3+ Kd6 31.Be5+ Ke7 32.Rc7+ Kd8 33.Rd7+ Ke8 34.
Bxh8 Rd8 35.Rb7 Rxd3 36.Bf1 1-0

[Event "20th EUR-ch"]
[Site "Skopje MKD"]
[Date "2019.03.22"]
[Round "5"]
[White "Van Foreest, Lucas"]
[Black "Bindrich, Falko"]
[Result "1/2-1/2"]
[WhiteElo "2515"]
[BlackElo "2610"]
[EventDate "2019.03.18"]
[Board "35"]
[PlyCount "53"]

1.d4 Nf6 2.Nf3 d5 3.e3 c6 4.c4 Bf5 5.Nh4 Bxb1 6.Rxb1 e6 7.Bd3 Bb4+ 8.Ke2 
dxc4 9.Bxc4 O-O 10.Qb3 Qe7 11.Nf3 c5 12.a3 Ba5 13.Qb5 Bb6 14.dxc5 Qxc5 15.
Qxc5 Bxc5 16.Rd1 Nc6 17.Bd2 Rac8 18.Bd3 Rfd8 19.h3 Bd6 20.g3 h6 21.b4 Nd5 
22.Rbc1 Ne5 23.Nxe5 Bxe5 24.Rxc8 Rxc8 25.Rc1 Rxc1 26.Bxc1 f5 27.g4 1/2-1/2

[Event "20th EUR-ch"]
[Site "Skopje MKD"]
[Date "2019.03.22"]
[Round "5"]
[White "Kourkoulos-Arditis, Stamatis"]
[Black "Zhigalko, Sergei"]
[Result "1/2-1/2"]
[WhiteElo "2435"]
[BlackElo "2604"]
[EventDate "2019.03.18"]
[Board "36"]
[PlyCount "81"]

1.d4 Nf6 2.c4 e6 3.Nf3 b6 4.g3 Ba6 5.b3 Bb4+ 6.Bd2 Be7 7.Bg2 d5 8.cxd5 
exd5 9.O-O O-O 10.Nc3 Re8 11.Ne5 Bb7 12.Rc1 Nbd7 13.Bf4 c6 14.e4 Nf8 15.
exd5 cxd5 16.Ne2 Rc8 17.Rxc8 Qxc8 18.Qb1 Ne6 19.Be3 Bf8 20.Rc1 Qa8 21.Nf4 
Nxf4 22.Bxf4 Ne4 23.b4 b5 24.Qb3 Nd6 25.Rc5 f6 26.Nd3 Nc4 27.Rc7 g5 28.Qd1
Re7 29.Rxe7 Bxe7 30.Qe2 Kf8 31.Qh5 Kg7 32.h4 gxf4 33.Nxf4 Qg8 34.Qg4+ Kf8 
35.Qd7 Nd6 36.Bf3 Bc8 37.Qxa7 Be6 38.Qb8+ Kg7 39.Qc7 Kf8 40.Qb8+ Kg7 41.
Qc7 1/2-1/2

[Event "20th EUR-ch"]
[Site "Skopje MKD"]
[Date "2019.03.22"]
[Round "5"]
[White "Esipenko, Andrei"]
[Black "Arizmendi Martinez, Julen Luis"]
[Result "1-0"]
[WhiteElo "2603"]
[BlackElo "2506"]
[EventDate "2019.03.18"]
[Board "37"]
[PlyCount "63"]

1.e4 c6 2.d4 d5 3.e5 c5 4.Nf3 Nc6 5.dxc5 e6 6.a3 Bxc5 7.Bd3 Nge7 8.b4 Bb6 
9.O-O Ng6 10.Bb2 O-O 11.Re1 Bd7 12.Nbd2 Bc7 13.g3 f6 14.exf6 gxf6 15.c4 
Nce5 16.Bf1 dxc4 17.Nxe5 Bxe5 18.Bxe5 Nxe5 19.Nxc4 Ba4 20.Qxa4 Nf3+ 21.Kh1
Nxe1 22.Rxe1 Qd5+ 23.Kg1 b5 24.Qa6 bxc4 25.Bg2 Qd7 26.Bxa8 Rxa8 27.Qxc4 
Re8 28.b5 Kg7 29.Qg4+ Kh8 30.a4 f5 31.Qb4 Rc8 32.a5 1-0

[Event "20th EUR-ch"]
[Site "Skopje MKD"]
[Date "2019.03.22"]
[Round "5"]
[White "Ragger, Markus"]
[Black "Warmerdam, Max"]
[Result "1/2-1/2"]
[WhiteElo "2696"]
[BlackElo "2448"]
[EventDate "2019.03.18"]
[Board "38"]
[PlyCount "98"]

1.e4 e5 2.Nf3 Nc6 3.Bc4 Nf6 4.d3 Bc5 5.O-O O-O 6.Nbd2 d6 7.c3 h6 8.h3 a5 
9.Re1 Be6 10.Bb5 Qb8 11.Nf1 Qa7 12.Be3 Bxe3 13.Nxe3 Ne7 14.a4 Ng6 15.Bc4 
Bxc4 16.Nxc4 Rfe8 17.Qb3 Qa6 18.g3 Nf8 19.Qb5 b6 20.Qxa6 Rxa6 21.Nfd2 Ne6 
22.f3 h5 23.h4 g6 24.Kf1 Nd7 25.Ne3 Kg7 26.Ndc4 Rf8 27.Nd5 f5 28.exf5 Rxf5
29.Ke2 Rf7 30.Nde3 Ra8 31.Rf1 Re8 32.Kd1 Ref8 33.Nd2 Nf6 34.Kc2 d5 35.Rae1
Nc5 36.Ng2 Re8 37.b3 Rfe7 38.Re2 d4 39.c4 Na6 40.Ne4 Nxe4 41.Rxe4 Nb4+ 42.
Kd2 Na2 43.Ree1 Nc3 44.Ne3 e4 45.fxe4 Nxe4+ 46.dxe4 dxe3+ 47.Rxe3 Rxe4 48.
Rd3 c5 49.Rff3 R8e7 1/2-1/2

[Event "20th EUR-ch"]
[Site "Skopje MKD"]
[Date "2019.03.22"]
[Round "5"]
[White "Korobov, Anton"]
[Black "Nasuta, Grzegorz"]
[Result "1-0"]
[WhiteElo "2686"]
[BlackElo "2517"]
[EventDate "2019.03.18"]
[Board "40"]
[PlyCount "83"]

1.Nf3 Nf6 2.c4 c5 3.Nc3 d5 4.cxd5 Nxd5 5.g3 g6 6.Bg2 Nc6 7.Qb3 Ndb4 8.a3 
Na5 9.Qd1 Nbc6 10.Ne4 Bg7 11.Nxc5 Qd5 12.Nd3 Nb3 13.Rb1 Qc4 14.Nf4 Nxc1 
15.Rxc1 Qa2 16.O-O O-O 17.Rc2 Bf5 18.d3 Rad8 19.Qc1 e5 20.b4 Qb3 21.Nd2 
Qa4 22.Bxc6 bxc6 23.Rc5 Qa6 24.Ng2 e4 25.Rxc6 Qa4 26.Nxe4 Bxe4 27.dxe4 Bb2
28.Qc4 Bxa3 29.b5 Qxc4 30.Rxc4 Rd2 31.Nf4 Bd6 32.e3 Rb2 33.Ra1 Bxf4 34.
gxf4 Rd8 35.e5 Rdd2 36.e6 Rxf2 37.Rxa7 Rg2+ 38.Kf1 Kg7 39.exf7 Rbf2+ 40.
Ke1 Re2+ 41.Kd1 Rxe3 42.Rc8 1-0

[Event "20th EUR-ch"]
[Site "Skopje MKD"]
[Date "2019.03.22"]
[Round "5"]
[White "Nisipeanu, Liviu-Dieter"]
[Black "Sanal, Vahap"]
[Result "1-0"]
[WhiteElo "2670"]
[BlackElo "2511"]
[EventDate "2019.03.18"]
[Board "41"]
[PlyCount "77"]

1.e4 e5 2.Nf3 Nc6 3.Bb5 a6 4.Ba4 Nf6 5.d3 b5 6.Bb3 Bc5 7.c3 d6 8.Bg5 h6 9.
Bh4 g5 10.Bg3 Ba7 11.Nbd2 Na5 12.Bc2 Nh5 13.b4 Nc6 14.Bb3 Nxg3 15.hxg3 Be6
16.Bd5 Bxd5 17.exd5 Ne7 18.Nxg5 Nxd5 19.Nge4 Ne7 20.Nf6+ Kf8 21.Qf3 d5 22.
a4 Qd6 23.axb5 axb5 24.Ke2 c6 25.Ra6 Nc8 26.Rha1 Ke7 27.Nh5 Rg8 28.g4 Rg6 
29.Ng3 Qd7 30.Nb3 Kf8 31.Nc5 Qc7 32.Nf5 Rb8 33.Nh4 Rd6 34.Qf5 Kg8 35.Rxa7 
Nxa7 36.Na6 Qd8 37.Nxb8 Qxb8 38.Qh5 Kf8 39.g5 1-0

[Event "20th EUR-ch"]
[Site "Skopje MKD"]
[Date "2019.03.22"]
[Round "5"]
[White "Safarli, Eltaj"]
[Black "Sivuk, Vitaly"]
[Result "1/2-1/2"]
[WhiteElo "2662"]
[BlackElo "2514"]
[EventDate "2019.03.18"]
[Board "42"]
[PlyCount "87"]

1.e4 e6 2.d4 d5 3.Nd2 Be7 4.Ngf3 Nf6 5.exd5 exd5 6.Bd3 Bg4 7.c3 O-O 8.Qb3 
c5 9.Qxb7 Bc8 10.Qxa8 Qb6 11.dxc5 Bxc5 12.b4 Bxf2+ 13.Kf1 Be3 14.c4 Ba6 
15.a4 Nbd7 16.a5 Qc7 17.Qxf8+ Nxf8 18.b5 dxc4 19.Nxc4 Bxb5 20.Bxe3 Bxc4 
21.Bxc4 Qxc4+ 22.Kg1 a6 23.h3 Nd5 24.Rc1 Qe4 25.Bd2 Nf4 26.Bxf4 Qxf4 27.
Kf2 Qb4 28.Rc8 g6 29.Re1 Kg7 30.Rc7 Qxa5 31.Ree7 Qf5 32.g4 Qf4 33.Ra7 Qf6 
34.g5 Qf5 35.Re5 Qxh3 36.Rxa6 Ne6 37.Ra7 Nd4 38.Re3 Qf5 39.Rc7 Nxf3 40.
Rxf3 Qd5 41.Rfxf7+ Qxf7+ 42.Rxf7+ Kxf7 43.Kf3 Ke7 44.Ke3 1/2-1/2

[Event "20th EUR-ch"]
[Site "Skopje MKD"]
[Date "2019.03.22"]
[Round "5"]
[White "Edouard, Romain"]
[Black "Enchev, Ivajlo"]
[Result "0-1"]
[WhiteElo "2658"]
[BlackElo "2490"]
[EventDate "2019.03.18"]
[Board "43"]
[PlyCount "96"]

1.Nf3 Nf6 2.c4 e6 3.Nc3 d5 4.d4 a6 5.Bg5 dxc4 6.a4 h6 7.Bh4 Bb4 8.e3 c5 9.
Bxc4 cxd4 10.exd4 b6 11.O-O O-O 12.Qe2 Bb7 13.Rad1 Bxc3 14.bxc3 Nbd7 15.
Ne5 Qc7 16.Nxd7 Nxd7 17.Bg3 Qc8 18.Rc1 Qc6 19.f4 Rfe8 20.Bb3 b5 21.a5 Nf6 
22.c4 Qd6 23.Qb2 Ne4 24.c5 Qd7 25.f5 Bd5 26.Be5 exf5 27.c6 Qe6 28.Bxd5 
Qxd5 29.h4 f6 30.Bh2 Rac8 31.c7 g5 32.Rfd1 f4 33.Qa3 Kg7 34.Qf3 Qd6 35.Qg4
Qe6 36.Qxe6 Rxe6 37.d5 Rd6 38.Rc6 Kf7 39.Rxd6 Nxd6 40.g3 g4 41.gxf4 f5 42.
Rc1 Nc4 43.Re1 Rxc7 44.Re6 b4 45.Rxh6 Kg7 46.Rxa6 b3 47.Ra8 Rb7 48.a6 b2 
0-1

[Event "20th EUR-ch"]
[Site "Skopje MKD"]
[Date "2019.03.22"]
[Round "5"]
[White "Parligras, Mircea-Emilian"]
[Black "Goryachkina, Aleksandra"]
[Result "1/2-1/2"]
[WhiteElo "2657"]
[BlackElo "2504"]
[EventDate "2019.03.18"]
[Board "44"]
[PlyCount "109"]

1.d4 d5 2.c4 c6 3.Nc3 Nf6 4.e3 e6 5.Nf3 Nbd7 6.Qc2 Bd6 7.Be2 O-O 8.O-O 
dxc4 9.Bxc4 e5 10.h3 Qe7 11.a3 Bc7 12.Ba2 h6 13.b4 Re8 14.dxe5 Nxe5 15.Nd4
Kh8 16.Bb2 Ng6 17.Rae1 a5 18.b5 Nh4 19.f4 c5 20.Nf3 Bf5 21.e4 Nxf3+ 22.
Rxf3 Rad8 23.Re2 Bh7 24.f5 Be5 25.Kh1 Bg8 26.Nd5 Nxd5 27.exd5 f6 28.Bxe5 
fxe5 29.f6 gxf6 30.Qg6 Qg7 31.Rxf6 Qxg6 32.Rxg6 Bxd5 33.Bxd5 Rxd5 34.Rxh6+
Kg7 35.Rh4 Rd4 36.Rh5 Kf6 37.g4 c4 38.Rf5+ Kg6 39.Rfxe5 Rxe5 40.Rxe5 Rd3 
41.Kg2 Rxa3 42.h4 Rd3 43.h5+ Kh6 44.Re6+ Kg5 45.Rg6+ Kf4 46.h6 Rd8 47.h7 
Rh8 48.Rg7 c3 49.Rxb7 c2 50.Rc7 Rxh7 51.Rc4+ Kg5 52.Rxc2 Rb7 53.Rc5+ Kxg4 
54.b6 Rxb6 55.Rxa5 1/2-1/2

[Event "20th EUR-ch"]
[Site "Skopje MKD"]
[Date "2019.03.22"]
[Round "5"]
[White "Quparadze, Giga"]
[Black "Kuzubov, Yuriy"]
[Result "1/2-1/2"]
[WhiteElo "2501"]
[BlackElo "2644"]
[EventDate "2019.03.18"]
[Board "45"]
[PlyCount "127"]

1.e4 c5 2.Nf3 d6 3.d4 cxd4 4.Nxd4 Nf6 5.Nc3 a6 6.Nb3 Nc6 7.Bg5 e6 8.f4 Be7
9.Qf3 h6 10.Bxf6 Bxf6 11.O-O-O Qc7 12.Kb1 Bd7 13.g4 O-O-O 14.h4 Kb8 15.Bg2
g6 16.h5 Bg7 17.hxg6 fxg6 18.Qe3 Rhe8 19.Ne2 d5 20.Qg3 Ne7 21.g5 h5 22.e5 
Nf5 23.Qf2 Bb5 24.Ned4 Nxd4 25.Nxd4 Bf8 26.Qd2 Bc5 27.Nxb5 axb5 28.Qd3 Qf7
29.Qxb5 Ba7 30.c4 Qf5+ 31.Ka1 Qc2 32.Bh3 dxc4 33.Rc1 Qe4 34.Qxc4 Qxc4 35.
Rxc4 Rd2 36.Kb1 Be3 37.Re1 Bf2 38.Rf1 Bg3 39.Rf3 h4 40.a4 Re7 41.Ka2 Rh2 
42.Bg4 Rg2 43.Rd3 Be1 44.Bf3 Rd2 45.Rb3 Rf2 46.Rc5 h3 47.Rcb5 Rxf3 48.Rxf3
Rh7 49.Rf1 Bg3 50.Rb3 Bxf4 51.Rbf3 Bxe5 52.Re3 Bc7 53.Rxe6 h2 54.Rh1 Rh4 
55.Rxg6 Rxa4+ 56.Kb3 Rg4 57.Ra1 Rg3+ 58.Ka2 Rg1 59.Rh6 Rxg5 60.Rc1 Bf4 61.
Rh8+ Ka7 62.Rc2 Rg1 63.Rcxh2 Bxh2 64.Rxh2 1/2-1/2

[Event "20th EUR-ch"]
[Site "Skopje MKD"]
[Date "2019.03.22"]
[Round "5"]
[White "Kobalia, Mikhail"]
[Black "Zajic, Milan"]
[Result "0-1"]
[WhiteElo "2627"]
[BlackElo "2485"]
[EventDate "2019.03.18"]
[Board "46"]
[PlyCount "142"]

1.e4 e5 2.Nf3 Nc6 3.Bb5 a6 4.Ba4 Nf6 5.O-O Be7 6.d3 d6 7.c3 O-O 8.Re1 Re8 
9.Nbd2 Bf8 10.Nf1 b5 11.Bc2 Nb8 12.d4 Nbd7 13.Ng3 Bb7 14.b3 g6 15.h3 exd4 
16.cxd4 c5 17.d5 a5 18.a4 b4 19.Bd3 Ba6 20.Bxa6 Rxa6 21.Bb2 Nb6 22.Qd3 Ra8
23.Nd2 Bg7 24.Qc2 Nfd7 25.Bxg7 Kxg7 26.Ngf1 Qf6 27.Ne3 h5 28.Rad1 Re7 29.
Qb1 Ne5 30.Rf1 Qf4 31.Qa1 h4 32.Nec4 Nxc4 33.Nxc4 Ra6 34.Rfe1 Kg8 35.Nd2 
Ra8 36.Re3 Rae8 37.Rde1 Rb8 38.Qd1 Rbb7 39.Qe2 Rb6 40.Rf1 Kg7 41.g3 hxg3 
42.fxg3 Qg5 43.Rf4 Re8 44.Qf1 Kg8 45.h4 Qe7 46.Kg2 Rbb8 47.Re1 Kg7 48.Qe2 
Rh8 49.Ref1 Rhf8 50.R1f2 Rbc8 51.Qf1 Rc7 52.Qa1 Kg8 53.Qf1 Kg7 54.Qe2 Rcc8
55.Rf1 Rc7 56.Rc1 Rfc8 57.Rf2 Qd7 58.h5 Rh8 59.Rh1 Rcc8 60.Rf4 Rh6 61.Nf3 
Rch8 62.Nxe5 dxe5 63.Rfh4 g5 64.R4h2 c4 65.Qxc4 Qg4 66.Re1 Rxh5 67.Rxh5 
Qxh5 68.Rg1 Qh2+ 69.Kf1 Rh6 70.Qc5 Qd2 71.Rg2 Qd1+ 0-1

[Event "20th EUR-ch"]
[Site "Skopje MKD"]
[Date "2019.03.22"]
[Round "5"]
[White "Movsesian, Sergei"]
[Black "Diermair, Andreas"]
[Result "1-0"]
[WhiteElo "2627"]
[BlackElo "2478"]
[EventDate "2019.03.18"]
[Board "47"]
[PlyCount "107"]

1.e4 e5 2.Nf3 Nc6 3.Bb5 a6 4.Ba4 Nf6 5.O-O Be7 6.d3 d6 7.c3 O-O 8.Re1 Re8 
9.h3 b5 10.Bc2 h6 11.d4 Bb7 12.d5 Nb8 13.b3 Nbd7 14.c4 c6 15.Nc3 Qc7 16.
Bd2 Rec8 17.Rc1 bxc4 18.bxc4 a5 19.Nh4 Bf8 20.Nf5 Nb6 21.Bd3 Ba6 22.Qf3 
Qd8 23.dxc6 Bxc4 24.Nd5 Bxd5 25.exd5 Nbxd5 26.Bc4 Nf4 27.Bxf4 exf4 28.Qxf4
d5 29.Bd3 Ra7 30.Nd4 Bd6 31.Qf3 Re7 32.Red1 Be5 33.Bf5 Ra8 34.Nb5 Qb6 35.
a4 Rae8 36.Re1 Bc7 37.Rxe7 Rxe7 38.g3 Ne4 39.Kg2 Bd8 40.Rc2 Bc7 41.Qd3 Nf6
42.Qf3 Re1 43.Qc3 Re7 44.Nxc7 Qxc7 45.Rb2 d4 46.Qc5 Re5 47.Qb6 Ne8 48.Qxc7
Nxc7 49.Rb8+ Re8 50.Rb7 Re7 51.Bd7 d3 52.Rxc7 d2 53.Rc8+ Kh7 54.Bg4 1-0

[Event "20th EUR-ch"]
[Site "Skopje MKD"]
[Date "2019.03.22"]
[Round "5"]
[White "Ruck, Robert"]
[Black "Onischuk, Volodymyr"]
[Result "1/2-1/2"]
[WhiteElo "2521"]
[BlackElo "2626"]
[EventDate "2019.03.18"]
[Board "48"]
[PlyCount "97"]

1.Nf3 g6 2.e4 d6 3.d4 Nf6 4.Nc3 Bg7 5.Be2 O-O 6.O-O c6 7.Bf4 Nbd7 8.Qd2 
Qc7 9.e5 Nh5 10.Bg5 dxe5 11.Bxe7 Re8 12.d5 Nf4 13.d6 Qa5 14.Bc4 Nb6 15.Bb3
Nbd5 16.Nxd5 Qxd2 17.Nxd2 Nxd5 18.Bh4 h6 19.Rfe1 g5 20.Bg3 Bd7 21.Rad1 b6 
22.f3 Rad8 23.h4 g4 24.Nc4 Nf4 25.Bxf4 exf4 26.Rxe8+ Rxe8 27.fxg4 b5 28.
Na5 Bxb2 29.c4 Ba3 30.cxb5 cxb5 31.Bd5 Bxd6 32.Bxf7+ Kxf7 33.Rxd6 Bxg4 34.
Rd4 Re1+ 35.Kh2 Be6 36.Rxf4+ Kg7 37.Nc6 a6 38.a4 Bd5 39.Nb4 Be4 40.axb5 
axb5 41.g4 Bb7 42.Kg3 Re3+ 43.Kf2 Rh3 44.g5 hxg5 45.hxg5 Rb3 46.Ke2 Kg6 
47.Nd3 Kxg5 48.Rb4 Rxb4 49.Nxb4 1/2-1/2

[Event "20th EUR-ch"]
[Site "Skopje MKD"]
[Date "2019.03.22"]
[Round "5"]
[White "Van Foreest, Jorden"]
[Black "Jurcik, Marian"]
[Result "1/2-1/2"]
[WhiteElo "2621"]
[BlackElo "2474"]
[EventDate "2019.03.18"]
[Board "49"]
[PlyCount "53"]

1.e4 c5 2.Nf3 e6 3.c3 Nf6 4.e5 Nd5 5.d4 cxd4 6.cxd4 b6 7.Nc3 Bb7 8.Bd3 
Nxc3 9.bxc3 Be7 10.Qe2 d5 11.Bf4 Qc8 12.O-O Ba6 13.c4 Bxc4 14.Rfc1 O-O 15.
Bxc4 dxc4 16.Rxc4 Qb7 17.Bg5 Na6 18.Rac1 h6 19.Bxe7 Qxe7 20.Nd2 Nb4 21.Ne4
Nd5 22.g3 b5 23.Rc5 b4 24.Qa6 Rab8 25.Nd6 Qg5 26.Qd3 a5 27.h4 1/2-1/2

[Event "20th EUR-ch"]
[Site "Skopje MKD"]
[Date "2019.03.22"]
[Round "5"]
[White "Studer, Noel"]
[Black "Indjic, Aleksandar"]
[Result "1-0"]
[WhiteElo "2479"]
[BlackElo "2620"]
[EventDate "2019.03.18"]
[Board "50"]
[PlyCount "57"]

1.d4 Nf6 2.c4 e6 3.Nf3 d6 4.d5 exd5 5.Nc3 g6 6.cxd5 a6 7.Bf4 c5 8.e4 Bg4 
9.Be2 Bxf3 10.Bxf3 Nbd7 11.O-O Qe7 12.Qa4 Bg7 13.e5 dxe5 14.d6 Qd8 15.Bxe5
O-O 16.Bg3 b5 17.Qf4 Rb8 18.Rfe1 b4 19.Nd5 Nxd5 20.Bxd5 Bxb2 21.Rad1 Qf6 
22.Bc6 Rbd8 23.Re7 Nb8 24.Ba4 Nc6 25.Rde1 Qxf4 26.Bxf4 Nd4 27.d7 Nb5 28.
Bxb5 axb5 29.Bd6 1-0

[Event "20th EUR-ch"]
[Site "Skopje MKD"]
[Date "2019.03.22"]
[Round "5"]
[White "Postny, Evgeny"]
[Black "Repka, Christopher"]
[Result "1/2-1/2"]
[WhiteElo "2619"]
[BlackElo "2466"]
[EventDate "2019.03.18"]
[Board "51"]
[PlyCount "61"]

1.d4 d5 2.c4 c6 3.Nf3 Nf6 4.Nc3 e6 5.Bg5 Nbd7 6.cxd5 exd5 7.e3 Be7 8.Qc2 
Nh5 9.Bxe7 Qxe7 10.O-O-O Nb6 11.Bd3 Bg4 12.Rdg1 Bxf3 13.gxf3 g6 14.f4 
O-O-O 15.h4 Kb8 16.Kb1 c5 17.dxc5 Qxc5 18.Ne2 Qxc2+ 19.Bxc2 d4 20.Nxd4 
Nxf4 21.Rd1 Nh5 22.Bb3 Nf6 23.Rh3 Ng4 24.Rf1 Nd5 25.h5 Ndf6 26.hxg6 hxg6 
27.Rxh8 Rxh8 28.Bxf7 Ne4 29.Rg1 Nexf2 30.Bxg6 Nxe3 31.Re1 1/2-1/2

[Event "20th EUR-ch"]
[Site "Skopje MKD"]
[Date "2019.03.22"]
[Round "5"]
[White "Livaic, Leon"]
[Black "Bosiocic, Marin"]
[Result "0-1"]
[WhiteElo "2477"]
[BlackElo "2614"]
[EventDate "2019.03.18"]
[Board "52"]
[PlyCount "82"]

1.d4 Nf6 2.Nf3 e6 3.Bf4 c5 4.c3 Nc6 5.e3 Nh5 6.Bg5 Qb6 7.Qb3 h6 8.Bh4 g5 
9.Bg3 Nxg3 10.hxg3 Bg7 11.Nbd2 d5 12.Be2 Bd7 13.g4 Na5 14.Qxb6 axb6 15.Ne5
Bxe5 16.dxe5 Ke7 17.O-O b5 18.f4 Nc4 19.Nxc4 bxc4 20.f5 exf5 21.gxf5 b5 
22.e4 Bc6 23.exd5 Bxd5 24.Rfd1 Rhd8 25.a3 h5 26.Kf2 h4 27.g4 Bc6 28.Bf3 
Bxf3 29.Kxf3 Rd3+ 30.Rxd3 cxd3 31.b3 c4 32.bxc4 bxc4 33.a4 Ra5 34.Ke4 h3 
35.Ra2 f6 36.e6 Re5+ 37.Kf3 Re2 38.Ra1 Rc2 39.Rb1 h2 40.Rb7+ Kd6 41.Rh7 d2
0-1

[Event "20th EUR-ch"]
[Site "Skopje MKD"]
[Date "2019.03.22"]
[Round "5"]
[White "Lodici, Lorenzo"]
[Black "Oparin, Grigory"]
[Result "0-1"]
[WhiteElo "2474"]
[BlackElo "2613"]
[EventDate "2019.03.18"]
[Board "53"]
[PlyCount "46"]

1.d4 d5 2.c4 e6 3.Nf3 Nf6 4.g3 Bb4+ 5.Nbd2 dxc4 6.Bg2 b5 7.O-O O-O 8.a4 c6
9.axb5 cxb5 10.Nh4 Nd5 11.e4 Ne7 12.e5 Bxd2 13.Bxd2 Nbc6 14.Qh5 Bb7 15.Bg5
Qd7 16.Bf6 Ng6 17.d5 exd5 18.Nf3 Rfe8 19.Bh3 Qc7 20.Ng5 h6 21.e6 hxg5 22.
Bf5 Nf8 23.Qxg5 fxe6 0-1

[Event "20th EUR-ch"]
[Site "Skopje MKD"]
[Date "2019.03.22"]
[Round "5"]
[White "Pavlov, Sergey"]
[Black "Romanov, Evgeny"]
[Result "1-0"]
[WhiteElo "2471"]
[BlackElo "2612"]
[EventDate "2019.03.18"]
[Board "54"]
[PlyCount "87"]

1.c4 e5 2.Nc3 Nc6 3.e3 f5 4.d4 Bb4 5.Ne2 Nf6 6.a3 Bxc3+ 7.Nxc3 d6 8.Be2 
O-O 9.b4 exd4 10.exd4 Ne4 11.Nxe4 fxe4 12.Be3 Ne7 13.d5 Nf5 14.Qd2 Qf6 15.
O-O Bd7 16.c5 Qg6 17.f4 Nh4 18.Rf2 Bg4 19.Bf1 Rf5 20.cxd6 cxd6 21.Rc1 Rh5 
22.Rc7 Nf5 23.Qc3 h6 24.Rxb7 Bf3 25.Rxa7 Re8 26.Bb5 Rd8 27.Bb6 Rb8 28.Bd7 
Kh7 29.Bxf5 Rxf5 30.Bd4 Rg8 31.Bxg7 Rf7 32.Rxf7 Qxf7 33.Bd4 Qxd5 34.f5 Bh5
35.h3 Bf7 36.Kh2 Rc8 37.Qxc8 Qxd4 38.Qd7 Qxf2 39.Qxf7+ Kh8 40.Qf6+ Kh7 41.
Qg6+ Kh8 42.Qxh6+ Kg8 43.Qe6+ Kg7 44.Qxe4 1-0

[Event "20th EUR-ch"]
[Site "Skopje MKD"]
[Date "2019.03.22"]
[Round "5"]
[White "Lupulescu, Constantin"]
[Black "Yankelevich, Lev"]
[Result "1-0"]
[WhiteElo "2611"]
[BlackElo "2462"]
[EventDate "2019.03.18"]
[Board "55"]
[PlyCount "75"]

1.Nf3 Nf6 2.c4 g6 3.Nc3 Bg7 4.e4 d6 5.d4 O-O 6.Be2 Na6 7.Be3 e5 8.d5 Ng4 
9.Bg5 f6 10.Bh4 h5 11.Nd2 Nh6 12.f3 c5 13.dxc6 bxc6 14.Bf2 Nf7 15.a3 Nc7 
16.b4 f5 17.Nb3 g5 18.Na5 Qe8 19.b5 c5 20.Nd5 Nxd5 21.Qxd5 Be6 22.Qd3 g4 
23.Nb3 Qc8 24.a4 Ng5 25.Be3 gxf3 26.gxf3 fxe4 27.fxe4 Nf3+ 28.Bxf3 Rxf3 
29.Rg1 Bg4 30.Rg3 Qf8 31.Kd2 d5 32.Rxf3 Bxf3 33.Qxd5+ Kh7 34.Kc3 Rd8 35.
Qxc5 Qg8 36.Nd2 Be2 37.Rg1 Rd3+ 38.Kc2 1-0